000 00670nam a2200121Ia 4500
008 220620s9999||||xx |||||||||||||| ||und||
100 _avan de Schoot, Rens||Miocević, Milica
245 0 _aSmall Sample Size Solutions
_bA Guide for Applied Researchers and Practitioners
546 _aEnglish[eng]
650 _astatistical methods||researchers||statistical model||research||small sample||estimation||population||variables||observations||social sciences||behavioral sciences||medical sciences||epidemiology||psychology||marketing||economics||analysis
856 _uhttps://library.oapen.org/bitstream/20.500.12657/22385/1/9780367221898_text%20%281%29.pdf
942 _cEB
999 _c34784
_d34784